| 000 | 01321nam a22003374a 4500 | ||
|---|---|---|---|
| 001 | ebr10203547 | ||
| 003 | CaPaEBR | ||
| 006 | m u | ||
| 007 | cr cn||||||||| | ||
| 008 | 040608s2005 nyua sb 001 0beng | ||
| 010 | _z 2004054741 | ||
| 020 | _z0195177800 | ||
| 040 |
_aCaPaEBR _cCaPaEBR |
||
| 035 | _a(OCoLC)162577756 | ||
| 043 | _ae-uk--- | ||
| 050 | 1 | 4 |
_aQP26.S714 _bH46 2005eb |
| 082 | 0 | 4 |
_a612/.0092 _aB _222 |
| 100 | 1 |
_aHenderson, John, _d1949- |
|
| 245 | 1 | 2 |
_aA life of Ernest Starling _h[electronic resource] / _cJohn Henderson. |
| 260 |
_aNew York : _bPublished for the American Physiological Society by Oxford University Press, _c2005. |
||
| 300 |
_a227 p. : _bill. |
||
| 490 | 1 | _aPeople and ideas series | |
| 504 | _aIncludes bibliographical references and index. | ||
| 533 |
_aElectronic reproduction. _bPalo Alto, Calif. : _cebrary, _d2013. _nAvailable via World Wide Web. _nAccess may be limited to ebrary affiliated libraries. |
||
| 600 | 1 | 0 |
_aStarling, Ernest Henry, _d1866-1927. |
| 650 | 0 |
_aPhysiologists _zGreat Britain _vBiography. |
|
| 655 | 7 |
_aElectronic books. _2local |
|
| 710 | 2 | _aebrary, Inc. | |
| 830 | 0 | _aPeople and ideas series. | |
| 856 | 4 | 0 |
_uhttp://site.ebrary.com/lib/rucke/Doc?id=10203547 _zAn electronic book accessible through the World Wide Web; click to view |
| 999 |
_c120978 _d120978 |
||